00513nam a2200145Ia 4500008004100000041000800041082001500049100001900064245004500083260005400128300003000182365001100212999001700223952012700240240624s9999 xx 000 0 und d aeng a650.14 SHA aSHAVICK ANDREA aA Z GUIDE TO JOB SEARCHING TAKE ON THE J c2004aNew DelhibKogan Page India Private limited aix, : 195 : p. : cm. ; 22 cRSb33 c11599d11599 00104070aIMTNbIMTNcRack 18-Bd2008-11-12eAPg150.00n1444o650.14 SHAp11599r2024-06-24 00:00:00t1w2024-06-24yBK